Insurance in India / (Record no. 203266)

MARC details
000 -LEADER
fixed length control field 00895nam a2200265Ia 4500
003 - CONTROL NUMBER IDENTIFIER
control field OSt
005 - DATE AND TIME OF LATEST TRANSACTION
control field 20230825151256.0
008 - FIXED-LENGTH DATA ELEMENTS--GENERAL INFORMATION
fixed length control field 210716s2007 xx 000 0 und d
020 ## - INTERNATIONAL STANDARD BOOK NUMBER
International Standard Book Number 8189915681
040 ## - CATALOGING SOURCE
Transcribing agency AIMIT LIBRARY
041 ## - LANGUAGE CODE
Language code of text/sound track or separate title eng
082 ## - DEWEY DECIMAL CLASSIFICATION NUMBER
Classification number 368.00954
Edition number 1
Item number ALIS
100 ## - MAIN ENTRY--PERSONAL NAME
Personal name Ali, Sajid.
9 (RLIN) 131019
245 ## - TITLE STATEMENT
Title Insurance in India /
Statement of responsibility, etc. By Sajid Ali, Riyaz Mohammad and Masharique Ahmad.
250 ## - EDITION STATEMENT
Edition statement 1st ed.
260 ## - PUBLICATION, DISTRIBUTION, ETC.
Place of publication, distribution, etc. New Delhi :
Date of publication, distribution, etc. 2007.
Name of publisher, distributor, etc. Regal Publications ,
300 ## - PHYSICAL DESCRIPTION
Extent xii,160p. ;
Other physical details PB
Dimensions 21 cm
650 ## - SUBJECT ADDED ENTRY--TOPICAL TERM
Topical term or geographic name entry element Insurance(368)
9 (RLIN) 131020
651 ## - SUBJECT ADDED ENTRY--GEOGRAPHIC NAME
Geographic name Development of insurance sector in India
9 (RLIN) 131021
651 ## - SUBJECT ADDED ENTRY--GEOGRAPHIC NAME
Geographic name Risk management in insurance
9 (RLIN) 131022
651 ## - SUBJECT ADDED ENTRY--GEOGRAPHIC NAME
Geographic name Insurance sector in post liberalization: an impact on legal framework.
9 (RLIN) 131023
700 ## - ADDED ENTRY--PERSONAL NAME
Personal name Mohammad, Riyaz.
9 (RLIN) 131024
700 ## - ADDED ENTRY--PERSONAL NAME
Personal name Ahmad, Masharique.
9 (RLIN) 131025
942 ## - ADDED ENTRY ELEMENTS (KOHA)
Source of classification or shelving scheme Dewey Decimal Classification
Koha item type Book
Edition 1st
Call number prefix 368.00954 ALIS
Holdings
Withdrawn status Lost status Source of classification or shelving scheme Damaged status Not for loan Collection code Home library Current library Date acquired Cost, normal purchase price Inventory number Total Checkouts Full call number Barcode Date last seen Cost, replacement price Price effective from Koha item type
    Dewey Decimal Classification     MBA St Aloysius Institute of Management & Information Technology St Aloysius Institute of Management & Information Technology 03/02/2009 150.00 Bill no:8515; Bill dt:2008-09-18   368.00954 ALIS MBA05832 05/23/2026 120.00 07/16/2021 Book